000 00785cab a2200253 4500
001 WB3108-42
008 090401t1995 xxu||||| |||| 00| 0 eng d
035 _a(Sirsi) u9720
041 _aeng
245 _aFlawed homebuyers report to be revised
260 _c1995
350 _a0
490 _aProperty Week
_v50(8) 23 February 1995, 19(1)
520 _aThe RICS is to revise the "Homebuyers survey and valuation report", which has received much criticism.
650 _aCAVEATS
650 _aCONSUMERS ASSOCIATION
650 _aRICS HOMEBUYER SURVEY AND VALUATION
650 _aRESIDENTIAL SURVEYS
650 _aValuation
_96273
690 _aMANAGEMENT-BUSINESS MANAGEMENT-PROFESSIONAL PRACTICE
690 _aRATING AND VALUATION
942 _n0
948 _c04/03/1997
999 _c6110
_d6110